00645nam a22001457a 450000500170000010000780001724500870009526000270018230000090020970000470021894200110026599900170027695201030029395201030039620260629115917.0 aMohtasham Tasleema21-MSIT-15aSupervisor - Dr. Asghar Ali Chandio 91022 aMultimodal Biometric Fingerprint and IRIS for Enhanced Device Security (Thesis MS) aNawabshahbQUESTc2024 a88p. aDepartment of Information Technology 9954 cTHESIS c69080d69077 00104070aRESEARCHbRESEARCHd2026-06-29l0pMP/99-1442r2026-06-29 11:59:56w2026-06-29yTHESIS 00104070aRESEARCHbRESEARCHd2026-06-29l0pMP/99-1443r2026-06-29 11:59:56w2026-06-29yTHESIS